000 00445nam a2200169Ia 4500
008 210210b2004 xxu||||| |||| 00| 0 eng d
020 _a0 19 566902 9
082 _a541.3 ATKA
100 _aATKINS (Peter) and PAULA (Julio De).
245 _aPhysical chemistry. Ed 7
250 _a
260 _aNY
_bOxford University Press
_c2004
300 _axxi,1149
650 _aPhysical Chemistry
690 _aPhysical Chemistry
906 _a059677
999 _c106485
_d106485